000 00576nam a2200145Ia 4500
008 100122s9999 xx 000 0 und d
082 _b43016
_a915.479
100 _aघाणेकर प्र के
245 _aआडवाटेचा महाराष्ट्र (क.क्र.14/4)
260 _bस्नेहल प्रकाशन
_c1989
300 _a219
630 _aआडवाटेचा महाराष्ट्र (क.क्र.14/4)
730 _aआडवाटेचा महाराष्ट्र (क.क्र.14/4)
942 _cBOOK
999 _c423224
_d423221